| 000 | 00000cas 2200000zi 4500 |
| 001 | 9.955380 |
| 003 | CaOODSP |
| 005 | 20251210075954 |
| 006 | m o d f |
| 007 | cr cn |||||||| |
| 008 | 250916c20239999mbcar p o s f0 0eng|d |
| 040 | |aCaOODSP|beng|erda|cCaOODSP |
| 043 | |an-cn-bc|an-cnp-- |
| 086 | 1 |aA92-61E-PDF |
| 245 | 00|aCanada Western Amber Durum (CWAD) wheat : |bharvest quality data for no. 1, no. 2 and no. 3 CWAD, prairie aggregates. |
| 246 | 1 |iIssues for 2024- have title: |aCanada Western Amber Durum (CWAD) wheat : |bharvest quality data for CWAD, prairie aggregates |
| 264 | 1|a[Winnipeg] : |bCanadian Grain Commission = Commission canadienne des grains, |c[2023]- |
| 310 | |aAnnual |
| 336 | |atext|btxt|2rdacontent |
| 337 | |acomputer|bc|2rdamedia |
| 338 | |aonline resource|bcr|2rdacarrier |
| 362 | 1 |aBegan with: 2023. |
| 500 | |aIssued also in French under title: Blé dur ambré de l'Ouest canadien (CWAD). |
| 520 | |a"This report presents harvest quality data for Canada Western Amber Durum (CWAD) wheat ... Wheat samples were submitted to the Canadian Grain Commission's Harvest Sample Program by producers. Quality data is compiled from the results of analytical tests performed in the Grain Research Laboratory." |
| 588 | |aDescription based on: 2023; title from PDF caption. |
| 588 | |aLatest issue consulted: 2024. |
| 650 | 0|aDurum wheat|xQuality|zCanada, Western|vStatistics|vPeriodicals. |
| 655 | 7|aPeriodicals|2lcgft |
| 655 | 7|aStatistics|2lcgft |
| 710 | 2 |aCanadian Grain Commission, |eissuing body. |
| 710 | 2 |aGrain Research Laboratory (Canada), |eissuing body. |
| 775 | 08|tBlé dur ambré de l'Ouest canadien (CWAD) : |w(CaOODSP)9.955379 |